|
|
|
|
| LEADER |
01451nam a2200397 a 4500 |
| 001 |
EBC305615 |
| 003 |
MiAaPQ |
| 005 |
20200520144314.0 |
| 006 |
m o d | |
| 007 |
cr cn||||||||| |
| 008 |
070831s2007 ne a s 001 0 eng d |
| 010 |
|
|
|z 2007279890
|
| 020 |
|
|
|z 9781555583460
|
| 020 |
|
|
|z 1555583466
|
| 035 |
|
|
|a (MiAaPQ)EBC305615
|
| 035 |
|
|
|a (Au-PeEL)EBL305615
|
| 035 |
|
|
|a (CaPaEBR)ebr10188584
|
| 035 |
|
|
|a (CaONFJC)MIL112043
|
| 035 |
|
|
|a (OCoLC)437186449
|
| 040 |
|
|
|a MiAaPQ
|c MiAaPQ
|d MiAaPQ
|
| 050 |
|
4 |
|a HD69.T54
|b M668 2007
|
| 082 |
0 |
4 |
|a 005.5/7
|2 22
|
| 100 |
1 |
|
|a Mosher, Sue,
|d 1953-
|
| 245 |
1 |
0 |
|a Microsoft Outlook 2007 programming
|h [electronic resource] :
|b jumpstart for power users and administrators /
|c Sue Mosher.
|
| 260 |
|
|
|a Amsterdam ;
|a Boston :
|b Digital Press,
|c c2007.
|
| 300 |
|
|
|a xiv, 825 p. :
|b ill.
|
| 500 |
|
|
|a "Communications"--Cover.
|
| 500 |
|
|
|a Includes index.
|
| 533 |
|
|
|a Electronic reproduction. Ann Arbor, MI : ProQuest, 2015. Available via World Wide Web. Access may be limited to ProQuest affiliated libraries.
|
| 630 |
0 |
0 |
|a Microsoft Outlook.
|
| 650 |
|
0 |
|a Time management
|x Computer programs.
|
| 650 |
|
0 |
|a Personal information management
|x Computer programs.
|
| 650 |
|
0 |
|a Application software
|x Development.
|
| 655 |
|
4 |
|a Electronic books.
|
| 710 |
2 |
|
|a ProQuest (Firm)
|
| 856 |
4 |
0 |
|u https://ebookcentral.proquest.com/lib/matrademy/detail.action?docID=305615
|z Click to View
|